000 00595nam a22002417a 4500
003 UA-OsUOA
001 44627
007 ta
008 20070303b un ||||| |||| 00| 0 ukr d
100 _aОбухов В.В.
090 _a94(477).04
_bО-26
942 _cBK
040 _aUA-OsUOA
_bukr
_cUA-OsUOA
_dUA-OsUOA
245 _aПолковник Богун
300 _a136 с.
955 _a2
041 _aukr
080 _a94(477).04
020 _a966-8498-19-6
260 _aК.
_c2006
650 7 _a9 Географія. Біографії. Історія
_2UDC
999 _c330746
_d330746